000 01541nam a2200181 4500
999 _c510435
_d510435
008 190817b ||||| |||| 00| 0 eng d
100 _aEngen, Nadine van
_98445
245 _aDo consistent government policies lead to greater meaningfulness and legitimacy on the front line?
260 _c2019
300 _ap.97-115.
520 _aWe investigate the impact of policy consistency on frontline workers’ perceptions of policy meaningfulness and legitimacy. The results from an experiment involving 779 teachers indicate that policy consistency does have a positive effect on legitimacy and to a lesser extent on meaningfulness. However, the extent depends on policy content and the degree of autonomy. Overall, our findings emphasize the potential positive impact of policy consistency. Although this, to some extent, conflicts with the nature of political decision‐ and policy‐making (i.e., democratically elected governments have been mandated to change policy), our study suggests that policy consistency could be a valuable strategy for governments to strengthen successful policy implementation. This adds a new perspective to the continuing debate within policy implementation and street‐level bureaucracy research on how to account for the complex, messy and sometimes contradictory implementation of public policies. - Reproduced.
650 _aLegitimacy
_98446
700 _aSteijn, Bram
_98447
700 _aTummers, Lars
_98448
773 _aPublic Administration
906 _aPublic policy
942 _2ddc
_cAR